Ciencias Sociales en América Latina y el Caribe 2001-2002
Uloženo v:
| Korporativní autor: | |
|---|---|
| Médium: | Text |
| Vydáno: |
Buenos Aires:
CENEDIC. CLACSO
|
| Témata: | |
| Tagy: |
Přidat tag
Žádné tagy, Buďte první, kdo vytvoří štítek k tomuto záznamu!
|
MARC
| LEADER | 00000 a a2200000 04500 | ||
|---|---|---|---|
| 001 | 29838 | ||
| 003 | |||
| 040 | |a CRAI/IIS |c CRAI/IIS | ||
| 020 | |a 950-9231-82-7 | ||
| 090 | |a 194102 |b RECURSO ELECTRONICO | ||
| 110 | |a CLACSO | ||
| 245 | |a Ciencias Sociales en América Latina y el Caribe 2001-2002 | ||
| 260 | |a Buenos Aires: |b CENEDIC. CLACSO | ||
| 500 | |a Debe ser instalado | ||
| 650 | |a POLITICA | ||
| 650 | |a CONSERVACION DE LA NATURALEZA | ||
| 650 | |a DESARROLLO SOSTENIBLE | ||
| 650 | |a AMERICA LATINA | ||
| 999 | |c 16800 |d 16800 | ||



